000 00895nam a22002537a 4500
999 _c58350
_d58350
005 20211118160149.0
008 211118s enk||||| |||| 00| 0 eng d
041 _aeng
080 _a327(100) M-34
100 _aMarshall, Tim
_912956
245 _aPrisoners of Geography :
_bTen Maps That Explain Everything About the World /
_cTim Marshall.
264 _aNew York :
_bScribner,
_c2016.
300 _a305 p. ;
_c24 cm.
500 _aBibl. p. : 281-286 ; Index. p. : 287-305
653 _aPrisoners of Geography
653 _aTen Maps That Explain Everything About the World
653 _aსაერთაშორისო ურთიერთობები
653 _aისტორია
653 _aგეოგრაფია
653 _aИстория
653 _aГеография
653 _aМеждународные отношения
942 _2udc
_cBK